| 000 -LEADER |
| fixed length control field |
00813cam a22002294a 4500 |
| 020 ## - INTERNATIONAL STANDARD BOOK NUMBER |
| ISBN |
9962884713 |
| 040 ## - CATALOGING SOURCE |
| Transcribing agency |
STF |
| 082 00 - DEWEY DECIMAL CLASSIFICATION NUMBER |
| Classification number |
333 SOC 2003 C153 Or. |
| 100 1# - MAIN ENTRY--AUTHOR NAME |
| Personal name |
Angehr, George Richard. |
| 245 10 - TITLE STATEMENT |
| Title |
Directorio de áreas importantes para aves en Panamá = |
| Remainder of title |
Directory of important bird areas in Panama / |
| 246 31 - VARYING FORM OF TITLE |
| Title proper/short title |
Directory of important bird areas in Panama |
| 246 18 - VARYING FORM OF TITLE |
| Title proper/short title |
Áreas importantes para aves en Panamá |
| 246 1# - VARYING FORM OF TITLE |
| Title proper/short title |
Important bird areas in Panama |
| 250 ## - EDITION STATEMENT |
| Edition statement |
1. ed. |
| 260 ## - PUBLICATION, DISTRIBUTION, ETC. (IMPRINT) |
| Place of publication |
Balboa, República de Panamá : |
| Name of publisher |
Sociedad Audubon de Panamá, |
| Year of publication |
2003. |
| 300 ## - PHYSICAL DESCRIPTION |
| Number of Pages |
342 p. : |
| Other physical details |
col. ill., col. maps ; |
| Dimensions |
24 cm. |
| 500 ## - GENERAL NOTE |
| General note |
Appendix 4 (1 folded sheet) in back pocket. |
| 650 #0 - SUBJECT ADDED ENTRY--TOPICAL TERM |
| Topical Term |
Important bird areas |
| 650 #0 - SUBJECT ADDED ENTRY--TOPICAL TERM |
| Topical Term |
Birds |
| 710 2# - ADDED ENTRY--CORPORATE NAME |
| Corporate name or jurisdiction name as entry element |
Sociedad Audubon de Panamá. |
| 942 ## - ADDED ENTRY ELEMENTS (KOHA) |
| Koha item type |
ADB |
| 952 ## - LOCATION AND ITEM INFORMATION (KOHA) |
| Withdrawn status [LOCAL, KOHA] |
0 |